00380pab a2200121 454500008004000000100002400040245011200064260000900176300001000185362000900195650001900204773003500223180718b1988 xxu||||| |||| 00| 0 eng d aGopalakrishna Kumar aOn prices and economic powerbExplaining recent changes in inter - sectoral relations in the Indian economy c1988 a25-42 aOct. aPrices - India aJournal of Development Studies